00761 a2200205 4500010001400000020002600014035001300040037001500053082001300068090001700081100002300098245005800121260003900179270007800218300002500296500005100321942002800372999001700400952013800417 aENG-89258 c500.00a9788189239411 aEN-72791 bDBAD / PUB14a302.2309 c10655d106551 aAnand, Vijay Kumar1 aHistory of mass communication /cby Vijay Kumar Anand aNew DelhibMurari Lal & Sonsc2007 a4378/4B, Ansari Road, Darya Ganj,bNew Delhic110 002k23261839, 23285119 av, 248p.c22cm (Hb) aIncludes bibliographical references and index adplcENk302.2309 / ANA c10361d10361 00102ddc40718NFICaDBADbDBADeDBAD/PUBg500.00l0o302.2309 ANApEN-72791r2008-09-15 00:00:00t1u11403v500.00w2008-09-15yEN